| 000 | 00422nam a2200157Ia 4500 | ||
|---|---|---|---|
| 008 | 230917s9999||||xx |||||||||||||| ||und|| | ||
| 020 | _cGBP2.5 | ||
| 040 |
_e56157 _aMAIN |
||
| 041 | _aEnglish | ||
| 082 | _a824.09 J714E | ||
| 100 | _aJones, Edmund D, ed. | ||
| 245 | 0 | _aEnglish critical essays: 16th, 17th & 18th centuries | |
| 260 |
_aLondon _bOxford University Press _c1975 |
||
| 300 | _aviii, 394 p. | ||
| 942 | _cBK | ||
| 999 |
_c205125 _d205125 |
||